Tarantino Movie Images - Sudden Death - Statistics

General Stats
  • This quiz has been taken 720 times
  • The average score is 6 of 8
Answers on the Grid
Answers color-coded by a green-red scale on the quiz's grid according to % correct below.
 
Answer Stats
Answer % Correct
Pulp Fiction
92%
Inglourious Basterds
80%
Django Unchained
78%
Reservoir Dogs
78%
Kill Bill: Vol. 1
77%
The Hateful Eight
73%
Jackie Brown
60%
Once Upon a Time in Hollywood
40%
No matching quizzes found
Score Distribution
Percent of People with Each Score
Percentile by Number Answered
Your Score History
You have not taken this quiz